Statistiques concernant Effectif Stade Brestois saison 2023/2024

Cliquez ici pour prendre le quiz!

Statistiques générales

  • Ce quiz a été pris 820 fois
    (69 depuis la dernière actualisation)
  • Le résultat moyen est 17 sur 25

Statistiques - réponses

HintRéponse% Correct
CoachÉric Roy
92%
MPierre Lees-Melou
90%
GMarco Bizot
88%
DKenny Lala
86%
DBrendan Chardonnet
84%
DLilian Brassier
84%
ASteve Mounié
84%
DBradley Locko
82%
MRomain Del Castillo
82%
AJérémy Le Douaron
80%
AMartin Satriano
80%
MMahdi Camara
76%
MHugo Magnetti
75%
GGrégoire Coudert
71%
MKamory Doumbia
67%
MJonas Martin
65%
AAxel Camblan
61%
DJordan Amavi
61%
DJulien Le Cardinal
61%
MMathias Pereira Lage
61%
ABillal Brahimi
53%
DAdrien Lebeau
43%
DLuck Zogbé
31%
GYan Marillat
20%
DAntonin Cartillier
18%

Distribution des résultats

Percentile par nombre de réponses

% des personnes avec chaque résultat

Votre développement - résultats

Vous n’avez pas pris ce quiz depuis la dernière actualisation